000 00232nam a22000857a 4500
008 161201b xxu||||| |||| 00| 0 eng d
100 _91679
_aMohanty,S
245 _aEndless Worlds... Teacher's Copy
260 _aNew Delhi
_bFrank Bros.
_c2006
999 _c4390
_d4390